[Event "AUT-chW"]
[Site "Gallspach (OOe)"]
[Date "1997.08.07"]
[Round "11"]
[White "Hohendanner, Sonja"]
[Black "Kirchmayr, Elisabeth"]
[Result "1/2-1/2"]
[WhiteElo "1736"]
[BlackElo "1819"]
[PlyCount "114"]
[EventDate "1997.08.07"]

1. d4 g6 2. Nf3 Bg7 3. Bf4 Nf6 4. e3 c5 5. c3 O-O 6. h3 b6 7. Be2 Ba6 8. Bxa6
Nxa6 9. O-O Nc7 10. Nbd2 d6 11. Rc1 Qc8 12. b3 Qb7 13. Qe2 Rac8 14. Bh2 Bh6 15.
c4 cxd4 16. Nxd4 e5 17. N4f3 Ne6 18. Rfd1 Rfe8 19. Nb1 Bf8 20. Nc3 a6 21. Qd2
Nc5 22. Ne1 Re6 23. Nd3 Nfe4 24. Nxe4 Nxe4 25. Qb2 f5 26. Nb4 g5 27. f3 Nf6 28.
Nd5 Nh5 29. Nc3 Bg7 30. e4 f4 31. Qf2 Bf8 32. Nd5 Rc6 33. Nb4 Rc5 34. Nd5 a5
35. Nc3 Rh6 36. Kh1 Ng7 37. Na4 Rc6 38. Nc3 Ne6 39. Nd5 Nc5 40. Qe2 Nd7 41. Bg1
Rg6 42. Bf2 h5 43. g3 fxg3 44. Bxg3 Nc5 45. Bf2 Ne6 46. Be3 g4 47. fxg4 hxg4
48. Rg1 Qh7 49. Qh2 Nc7 50. hxg4 Qxh2+ 51. Kxh2 Nxd5 52. cxd5 Rxc1 53. Bxc1 Be7
54. Be3 b5 55. a4 bxa4 56. bxa4 Rf6 57. Kg3 Rf8 {} 1/2-1/2